| 000 | 00412nam a22001697a 4500 | ||
|---|---|---|---|
| 003 | MPLRDC | ||
| 005 | 20220104175936.0 | ||
| 008 | 210129b ||||| |||| 00| 0 eng d | ||
| 020 | _a0-582-73638-2 | ||
| 082 | _a859.6 PUT-2 | ||
| 100 | _aOTHMAN PUTEH | ||
| 245 |
_aTIGA SAHABAT DI GUA PULAU HANYUT _c |
||
| 260 |
_a _bLONGMAN _c |
||
| 300 | _b平 | ||
| 650 | _aSASTERA KANAK-KANAK | ||
| 942 |
_cBK _o859.6 PUT-2 |
||
| 999 |
_c60661 _d60651 |
||